01581nas a2200265 i 4500003000800000005001700008007000300025008004100028035001900069040004100088041000800129110011900137245006900256264005800325300005300383310001500436336002800451337003400479338002800513362004000541520054500581610006601126650005801192650006501250DO-SdUA20250613105829.0ta250613e2012 dr u p|r || | spa d a(DO-SdUA)60478 aDO-SdUAbspacDO-SdUAdDO-SdBNPespa0 aspa2 aUniversidad Autónoma de Santo Domingo.bFacultad de Ciencias Económicas y Sociales.bEscuela de Estadística.10aActualidad estadística /bEscuela de Estadística de la UASD. aSanto Domingo, República Dominicana :bFCES,c2012. avolumen :bilustraciones, gráficas ; c28 cm.  aSemestral. atextobtxt2rdacontent  asin mediación bn2rdamedia avolumenbnc2rdacarrier aAño 2012, octubre, Vol. 2, No. 3. aEste documento presenta el noveno número de la Revista Actualidad Estadística publicada por la Escuela de Estadística de la Universidad Autónoma de Santo Domingo. Incluye artículos sobre temas como la educación superior en República Dominicana, la globalización y el pensamiento alternativo, y la deserción y repitencia escolar. Además, presenta información sobre la población afiliada a la Seguridad Social dominicana e indicadores de desigualdad de género en el país. La revista busca difundir investigación.27aEscuela de Estadística (UASD)vPublicaciones seriadas2lemb 7aEstadísticaxHistoriavPublicaciones seriadas2lemb 7aRepública DominicanaxCensosvPublicaciones seriadas2lemb